00584nam a22001817a 450000500170000000800410001702000240005804000130008208200210009510000220011624501430013826000380028130000110031954600070033070000210033770000230035870000210038120260126113937.0170224b xxu||||| |||| 00| 0 eng d a9780199796434 (hbk) cPK-LaUMT a616.07548bKRA-U aKraus , Robert H. aUltra-Low field nuclear magnetic resonance:ba new MRI regime/cRobert H. Kraus , Michelle A. Espy , Per E. Magnelind and Peter L. Volegov aOxford:bOxford University,c2014 a239 p. aEN aMichelle A. Espy a Per E. Magnelind  aPeter L. Volegov